000 00673nam a2200241Ia 4500
001 21780
005 20240114000612.0
007 ta
008 060309s1930 a g b000 u 891 u
040 _aCotton College,Assam
041 _a891
082 _a891.5509
_bGa 12 Ca
100 _aQasemi, S.H. .
245 0 _aA Catalogue of the Mss of diwan-E-Hafiz /
_cS.H. Qasemi.
_hTextual Documents
250 _a1st ed. /
260 _aDelhi :
_bPersian Research Centre,Delhi University ,
_c1930.
300 _a224p. :
_bill ;
_c24cm .
653 _aPersian literature
653 _aG-Persian
942 _2ddc
_cBK
999 _c21762
_d21762